000 00432nam a2200181Ia 4500
005 20240823041658.0
008 240823s9999||||xx |||||||||||||| ||und||
041 _aENGLISH
082 _A823
100 _aSinha R.
245 0 _aArundhati Roy The God of Small Things
250 _a1st
260 _c1998
_b"Lakshmi Narain Agarwal,Agra"
500 _aTRANSFERED
650 _aGeneral
_bGeneral
942 _cBK
999 _c206075
_d206075